10 Winningest NFL Coaches Ever to Never Win a Playoff Game - Statistics

General Stats
  • This quiz has been taken 4 times
  • The average score is 3 of 10
Answer Stats
Wins Coach % Correct
131 Marvin Lewis
75%
66 Norm Van Brocklin
75%
125 Jim Mora
50%
57 Allie Sherman
25%
60 Dick Jauron
25%
58 Joe Kuharich
25%
51 Monte Clark
25%
54 Ron Meyer
25%
55 Buddy Ryan
0%
51 Roy Andrews
0%
No matching quizzes found
Score Distribution
Percent of People with Each Score
Percentile by Number Answered
Your Score History
You have not taken this quiz